| 000 | 00791na a2200277 4500 | ||
|---|---|---|---|
| 001 | 23306 | ||
| 003 | MIRAKIL | ||
| 005 | 20181213155324.0 | ||
| 008 | 180122b tu 000 0 | ||
| 020 | _a9786056599699 | ||
| 040 |
_aMilas _btur _cTR-AnCHP |
||
| 041 | _atur | ||
| 082 |
_a818.42 _bM97h 2016 |
||
| 090 | _a818.42 M97h 2016 | ||
| 100 | _aMütercimler, Erol | ||
| 245 |
_aErol Mütercimler _b Hayat bir tesadüf _cErol Mütercimler; söyleşi Gürkan Hacır |
||
| 250 | _a4. bs. | ||
| 260 |
_aİstanbul _bAsi Kitap _c2016 _fTor ofset |
||
| 300 |
_a503 s. _bfotğ. _c23 sm. |
||
| 440 |
_aAsi kitap _v19 |
||
| 490 |
_aSöyleşi _v01 |
||
| 600 |
_aMütercimler, Erol _xSöyleşiler |
||
| 650 |
_aTürk edebiyatı _xSöyleşi |
||
| 700 | _aHacır, Gürkan | ||
| 942 |
_2ddc _cBKS |
||
| 999 |
_c10490 _d10490 |
||